ბათუმის შოთა რუსთაველის სახელმწიფო უნივერსიტეტის ბიბლიოთეკა

ფერდობებზე თხილის მოსავლის კრეფა მცირე მექანიზაციის ტექნიკური საშუალებების გამოყენებით / (ბიბ.ჩანაწერი № 51923)

000 -ლიდერი
ფიქსირებული სიგრძის საკონტროლო ველი 01598nam a2200241Ia 4500
001 - საკონტროლო ნომერი
საკონტროლო ველი 18923
003 - საკონტროლო ნომრის იდენტიფიკატორი
საკონტროლო ველი GE_BSU
005 - ბოლო ოპერაციის თარიღი და დრო
საკონტროლო ველი 20210423164316.0
008 - ფიქსირებული სიგრძის მონაცემთა ელემენტები - ზოგადი ინფორმაცია
ფიქსირებული სიგრძის საკონტროლო ველი 181216s2013||||ge |||||||||||||| ||geo||
040 ## - კატალოგიზაციის წყარო
Transcribing agency GE_BSU
041 ## - ენის კოდი
Language code of text/sound track or separate title geo
080 ## - უნივერსალური ათობითი კლასიფიკაციის ინდექსი
Universal Decimal Classification number 63 ვ-21
100 ## - მთავარი ჩანაწერი - პიროვნების სახელი
Personal name ვარშანიძე, ფირუზა
9 (RLIN) 11583
245 ## - ცნობა სათაურის შესახებ
Title ფერდობებზე თხილის მოსავლის კრეფა მცირე მექანიზაციის ტექნიკური საშუალებების გამოყენებით /
Statement of responsibility, etc ფირუზა ვარშანიძე; სამეცნიერო ხელმძღვანელი მ. მამულაძე. რ. მარგალიტაძე; ბათუმის შოთა რუსთაველის სახ-ფო უნ-ტი.
264 ## - წარმოების, გამოცემის, დისტრიბუციის და სხვა ცნობები
გამოცემის, წარმოების, დისტრიბუციის... ადგილი ბათუმი,
გამოცემის, წარმოების, დისტრიბუციის... თარიღი 2013.
300 ## - ფიზიკური აღწერა
Extent 150 გვ.;
Other physical details 30 სმ.
653 ## - INDEX TERM--UNCONTROLLED
Uncontrolled term დისერტაცია
653 ## - INDEX TERM--UNCONTROLLED
Uncontrolled term სოფლის მეურნეობა
653 ## - INDEX TERM--UNCONTROLLED
Uncontrolled term ფერდობებზე თხილის მოსავლის კრეფა მცირე მექანიზაციის ტექნიკური საშუალებების გამოყენებით
700 ## - ADDED ENTRY--PERSONAL NAME
Personal name მამულაძე, მ.
Relator term სამეცნიერო ხელმძღვანელი
9 (RLIN) 11556
700 ## - ADDED ENTRY--PERSONAL NAME
Personal name მარგალიტაძე, რ.
Relator term სამეცნიერო ხელმძღვანელი
9 (RLIN) 6245
942 ## - ADDED ENTRY ELEMENTS (KOHA)
Koha item type წიგნი
Source of classification or shelving scheme
ეგზემპლარები
ჩამოწერის სტატუსი დაკარგული ეგზემპლარის სტატუსი კლასიფიკაციის წყარო ან თაროზე გაწყობის სქემა დაზიანების სტატუსი არ გაიცემა მუდმივი მდებარეობა (დაცვის ადგილი) ამჟამინდელი ადგილსამყოფელი შეძენის თარიღი სრული შენახვის შიფრი შტრიხკოდი ბოლო ოპერაციის თარიღი ეგზემპლარის მიმდევრობითი ნომერი (კეტერი?) ფასის ძალაში შესვლის თარიღი ეგზემპლარის სახეობა
        შიდა ფონდი ბათუმის შოთა რუსთაველის სახელმწიფო უნივერსიტეტის მთავარი ბიბლიოთეკა ბათუმის შოთა რუსთაველის სახელმწიფო უნივერსიტეტის მთავარი ბიბლიოთეკა 2018-12-17 63 ვ-21 144 დისერტ. 2018-12-17 144 2018-12-17 დისერტაცია